[Event "16th Baltic Pearl Open"]
[Site "Lazy"]
[Date "2020.07.02"]
[Round "5.1"]
[White "Kosakowski, Jakub"]
[Black "Klimkowski, Jan"]
[Result "1/2-1/2"]
[WhiteElo "2416"]
[BlackElo "2193"]
[Annotator "ChessBase"]
[PlyCount "106"]
[EventDate "2020.06.28"]
[EventType "swiss"]
[EventCountry "POL"]
[SourceTitle "playchess.com"]
[Source "ChessBase"]
[SourceQuality "1"]
[TimeControl "5400+30"]

1. e4 {[%emt 0:00:00]} c5 {[%emt 0:00:00]} 2. Nc3 {[%emt 0:00:00]} Nc6 {[%emt 0:00:00]} 3. Nge2 {[%emt 0:00:36]} e5 {[%emt 0:00:52]} 4. Nd5 {[%emt 0:00:08]} d6 {[%emt 0:02:19]} 5. Nec3 {[%emt 0:00:35]} Nf6 {[%emt 0:01:22]} 6. Nxf6+ {[%emt 0:01:26]} Qxf6 {[%emt 0:01:07]} 7. Nd5 {[%emt 0:00:43]} Qd8 {[%emt 0:00:06]} 8. c3 {[%emt 0:00:08]} Be7 {[%emt 0:01:22]} 9. Bc4 {[%emt 0:00:10]} O-O {[%emt 0:00:45]} 10. O-O {[%emt 0:00:08]} Be6 {[%emt 0:01:38]} 11. f4 {[%emt 0:02:12]} exf4 {[%emt 0:02:24]} 12. d4 {[%emt 0:11:51]} cxd4 {[%emt 0:03:20]} 13. cxd4 {[%emt 0:00:20]} Bxd5 {[%emt 0:01:26]} 14. exd5 {[%emt 0:01:42]} Nb4 {[%emt 0:01:20]} 15. a3 {[%emt 0:04:28]} Rc8 {[%emt 0:04:07]} 16. Bb3 {[%emt 0:00:12]} Na6 {[%emt 0:00:08]} 17. Bxf4 {[%emt 0:00:08]} Qb6 {[%emt 0:01:28]} 18. Qd3 {[%emt 0:00:33]} Rfe8 {[%emt 0:07:07]} 19. Ba4 {[%emt 0:10:07]} Rf8 {[%emt 0:03:51]} 20. Rf2 {[%emt 0:03:49]} Nc7 {[%emt 0:03:24]} 21. Qe4 {[%emt 0:02:49]} Bh4 {[%emt 0:04:41]} 22. Rc2 {[%emt 0:02:20]} Bf6 {[%emt 0:11:37]} 23. Rac1 {[%emt 0:04:49]} Rfd8 {[%emt 0:00:31]} 24. Rc4 {[%emt 0:09:56]} Qa6 {[%emt 0:07:17]} 25. Bd1 {[%emt 0:03:13]} Re8 {[%emt 0:05:33]} 26. Rxc7 {[%emt 0:09:03]} Rcd8 {[%emt 0:02:11]} 27. Be5 {[%emt 0:10:26]} dxe5 {[%emt 0:00:52]} 28. Be2 {[%emt 0:00:29]} Qb6 {[%emt 0:01:10]} 29. Bd3 {[%emt 0:01:43]} g6 {[%emt 0:01:20]} 30. d6 {[%emt 0:08:00]} Qxd6 {[%emt 0:02:46]} 31. Rxb7 {[%emt 0:01:58]} exd4 {[%emt 0:01:27]} 32. Qf3 {[%emt 0:04:44]} Re3 {[%emt 0:02:21]} 33. Qf1 {[%emt 0:00:01]} Re7 {[%emt 0:02:55]} 34. Rxe7 {[%emt 0:03:15]} Qxe7 {[%emt 0:00:11]} 35. Re1 {[%emt 0:00:22]} Qd6 {[%emt 0:00:08]} 36. Qf3 {[%emt 0:00:07]} Kg7 {[%emt 0:00:54]} 37. g3 {[%emt 0:00:37]} Bg5 {[%emt 0:01:07]} 38. Kg2 {[%emt 0:00:10]} Be3 {[%emt 0:00:36]} 39. Rf1 {[%emt 0:00:20]} Rd7 {[%emt 0:01:12]} 40. h4 {[%emt 0:01:35]} f5 {[%emt 0:02:43]} 41. h5 {[%emt 0:00:41]} Qb6 {[%emt 0:01:54]} 42. hxg6 {[%emt 0:02:28]} hxg6 {[%emt 0:01:00]} 43. b4 {[%emt 0:01:18]} Qb7 {[%emt 0:01:20]} 44. Rb1 {[%emt 0:01:35]} Qxf3+ {[%emt 0:01:42]} 45. Kxf3 {[%emt 0:00:01]} Re7 {[%emt 0:00:20]} 46. Rd1 {[%emt 0:01:11]} Rc7 {[%emt 0:00:11]} 47. g4 {[%emt 0:00:12]} fxg4+ {[%emt 0:01:00]} 48. Kxg4 {[%emt 0:00:01]} Rc3 {[%emt 0:00:22]} 49. a4 {[%emt 0:00:01]} Rb3 {[%emt 0:00:10]} 50. b5 {[%emt 0:00:41]} Ra3 {[%emt 0:00:08]} 51. Bc2 {[%emt 0:01:07]} Ra2 {[%emt 0:00:56]} 52. Bb3 {[%emt 0:00:09]} Rb2 {[%emt 0:01:41]} 53. Rd3 {[%emt 0:00:09]} Rd2 {[%emt 0:01:59]} 1/2-1/2

[Event "16th Baltic Pearl Open"]
[Site "Lazy"]
[Date "2020.07.02"]
[Round "5.2"]
[White "Kozak, Antoni"]
[Black "Mis, Mieszko"]
[Result "1/2-1/2"]
[WhiteElo "2339"]
[BlackElo "2332"]
[Annotator "TA"]
[PlyCount "44"]
[EventDate "2020.06.28"]
[EventType "swiss"]
[EventCountry "POL"]
[SourceTitle "playchess.com"]
[Source "ChessBase"]
[SourceQuality "1"]

{[%evp 32,44,33,25,48,14,16,13,3,0,39,0,22,0,29]} 1. e4 e5 2. Nf3 Nc6 3. Bb5 a6 4. Ba4 Nf6 5. O-O Be7 6. Re1 b5 7. Bb3 O-O 8. c3 d5 9. exd5 Nxd5 10. Nxe5 Nxe5 11. Rxe5 c6 12. d4 Bd6 13. Re1 Qh4 14. g3 Qh3 15. Be3 Bg4 16. Qd3 Rae8 17. Nd2 Qh5 {C89: Closed Ruy Lopez: Marshall Attack.} 18. Nf1 {[#]} Bf5 $146 ({Predecessor:} 18... Re6 19. Bd1 f5 20. Bxg4 Qxg4 21. Bd2 Rg6 22. Kg2 f4 23. f3 Qh5 24. g4 Qh4 25. Re2 Rxg4+ 26. fxg4 f3+ 27. Kh1 fxe2 28. Qxe2 Kh8 {0-1 (42) Ivanchuk,V (2695)-Adams,M (2600) Terrassa 1991}) 19. Qd1 Bg4 20. Qd3 Bf5 21. Qd1 Bg4 22. Qd3 Bf5 {A rather calm draw.} 1/2-1/2

[Event "16th Baltic Pearl Open"]
[Site "Lazy"]
[Date "2020.07.02"]
[Round "5.3"]
[White "Kubicka, Anna"]
[Black "Luch, Michal"]
[Result "1-0"]
[WhiteElo "2256"]
[BlackElo "2409"]
[Annotator "TA"]
[PlyCount "115"]
[EventDate "2020.06.28"]
[EventType "swiss"]
[EventCountry "POL"]
[SourceTitle "playchess.com"]
[Source "ChessBase"]
[SourceQuality "1"]

{[%evp 17,115,0,0,0,0,0,11,0,3,-17,0,0,0,0,0,0,0,0,0,-15,-7,-37,-8,-22,0,-30,-10,-43,-19,-43,-50,-59,0,0,0,0,12,0,0,0,0,0,0,0,6,6,56,53,59,48,72,7,38,0,0,0,37,0,450,439,1483,1421,1242,1171,1499,1443,1831,436,1813,1593,29970,29971,29971,29972,2258,29973,29972,29973,29970,29973,29973,29973,29974,29972,7508,6494,29980,29981,29981,29982,29982,29983,29983,29984,29984,29985,29985,29986,29985,29986]} 1. e4 Nf6 2. Nc3 e5 3. g3 d5 4. exd5 Nxd5 5. Bg2 Nxc3 6. bxc3 Bd6 7. Nf3 O-O 8. O-O c5 9. Re1 Nc6 10. d3 {C26: Vienna Game: 2...Nf6, sidelines .} Bg4 11. h3 Bh5 {[#]} 12. Rb1 $146 {next g4 is good for White.The position is equal.} ({Predecessor:} 12. g4 Bg6 13. Rb1 f5 14. Bg5 Qd7 15. Nh4 Qf7 16. c4 Kh8 17. Bd5 Qd7 18. Nxg6+ hxg6 {1-0 (63) Pfleger,H (2515)-Pribyl,J (2435) Bamberg 1972}) 12... b6 13. Qd2 Rc8 14. Qg5 Qxg5 15. Nxg5 f6 16. Bd5+ Kh8 17. Ne4 Bb8 18. g4 Be8 19. Ba3 Rd8 20. Be6 Bg6 21. Ng3 Na5 22. Bf5 Bf7 23. c4 Nc6 24. Bb2 Rfe8 (24... Nd4 $15 25. Bxd4 cxd4) 25. Be4 $11 Nd4 26. Bxd4 exd4 27. Bc6 Rxe1+ 28. Rxe1 Be5 29. Nf5 Kg8 30. Bd5 {[%mdl 64] Decoy} Bxd5 31. Ne7+ Kf8 32. Nxd5 $14 {[%mdl 4096] Endgame KRB-KRN} Bd6 33. Kg2 Kf7 34. f4 ({Better is} 34. a4 $16) 34... h5 35. f5 hxg4 36. hxg4 Be5 37. g5 b5 $2 {[%mdl 8192] [#] White stays focused until the end.} (37... Rh8 $11) 38. g6+ $1 $18 Kf8 (38... Ke8 $142 39. Nc7+ Kd7) 39. Rh1 {[%cal Rh1h8]} Ke8 40. Rh7 bxc4 41. dxc4 Rb8 42. Rh8+ Kd7 {[#]} 43. Nxf6+ $1 {[%mdl 512]} Ke7 (43... Bxf6 44. Rxb8) 44. Nd5+ Kd7 45. Rxb8 Bxb8 {KB-KN} 46. f6 Be5 47. f7 Bd6 48. Kf3 Ke6 49. Ke4 Bf8 50. a3 a6 51. a4 a5 52. Nf4+ {White mates.} Kf6 53. Kd5 Be7 54. Ne6 Kxg6 55. f8=Q Bxf8 56. Nxf8+ Kf5 57. Ne6 g5 {[#]} 58. Nxg5 $1 {[%mdl 512] Accuracy: White = 84%, Black = 68%.} 1-0

[Event "16th Baltic Pearl Open"]
[Site "Lazy"]
[Date "2020.07.02"]
[Round "5.4"]
[White "Chylewski, Patryk"]
[Black "Derylo, Kamil"]
[Result "1/2-1/2"]
[WhiteElo "2344"]
[BlackElo "2084"]
[Annotator "ChessBase"]
[PlyCount "32"]
[EventDate "2020.06.28"]
[EventType "swiss"]
[EventCountry "POL"]
[SourceTitle "playchess.com"]
[Source "ChessBase"]
[SourceQuality "1"]
[TimeControl "5400+30"]

1. Nf3 {[%emt 1:30:30]} d5 {[%emt 1:30:30]} 2. b3 {[%emt 0:00:30]} Bg4 {[%emt 0:00:30]} 3. Bb2 {[%emt 0:00:30]} Nd7 {[%emt 0:00:30]} 4. d4 {[%emt 0:00:30]} Ngf6 {[%emt 0:00:30]} 5. Nbd2 {[%emt 0:00:30]} e6 {[%emt 0:00:30]} 6. e3 {[%emt 0:00:30]} Ne4 {[%emt 0:00:30]} 7. h3 {[%emt 0:00:30]} Bh5 {[%emt 0:00:30]} 8. a3 {[%emt 0:00:30]} Bd6 {[%emt 0:00:30]} 9. Be2 {[%emt 0:00:30]} f5 {[%emt 0:00:30]} 10. g4 {[%emt 0:00:30]} Bg6 {[%emt 0:00:30]} 11. Bd3 {[%emt 0:00:30]} O-O {[%emt 0:00:30]} 12. Qe2 {[%emt 0:00:30]} Qe7 {[%emt 0:00:30]} 13. Ne5 {[%emt 0:00:30]} Bxe5 {[%emt 0:00:30]} 14. dxe5 {[%emt 0:00:30]} f4 {[%emt 0:00:30]} 15. Bxe4 {[%emt 0:00:30]} dxe4 {[%emt 0:00:30]} 16. O-O-O {[%emt 0:00:30]} f3 {[%emt 0:00:30]} 1/2-1/2

[Event "16th Baltic Pearl Open"]
[Site "Lazy"]
[Date "2020.07.03"]
[Round "6.1"]
[White "Kubicka, Anna"]
[Black "Kosakowski, Jakub"]
[Result "0-1"]
[WhiteElo "2256"]
[BlackElo "2416"]
[Annotator "ChessBase"]
[PlyCount "108"]
[EventDate "2020.06.28"]
[EventType "swiss"]
[EventCountry "POL"]
[SourceTitle "playchess.com"]
[Source "ChessBase"]
[SourceQuality "1"]
[TimeControl "5400+30"]

1. Nf3 {[%emt 0:00:00]} Nf6 {[%emt 0:00:00]} 2. c4 {[%emt 0:00:00]} g6 {[%emt 0:00:02]} 3. Nc3 {[%emt 0:00:00]} Bg7 {[%emt 0:00:08]} 4. e4 {[%emt 0:00:00]} d6 {[%emt 0:00:04]} 5. d4 {[%emt 0:00:00]} O-O {[%emt 0:00:07]} 6. g3 {[%emt 0:00:08]} e5 {[%emt 0:03:54]} 7. Bg2 {[%emt 0:00:12]} Nc6 {[%emt 0:00:20]} 8. d5 {[%emt 0:01:42]} Nd4 {[%emt 0:00:21]} 9. h3 {[%emt 0:02:24]} c5 {[%emt 0:00:15]} 10. dxc6 {[%emt 0:01:33]} bxc6 {[%emt 0:00:31]} 11. O-O {[%emt 0:04:15]} c5 {[%emt 0:13:00]} 12. Be3 {[%emt 0:04:11]} Rb8 {[%emt 0:03:51]} 13. b3 {[%emt 0:01:53]} Ne8 {[%emt 0:00:15]} 14. Rc1 {[%emt 0:16:31]} Nc7 {[%emt 0:01:55]} 15. Nd2 {[%emt 0:03:11]} f5 {[%emt 0:01:18]} 16. f4 {[%emt 0:04:18]} Nce6 {[%emt 0:00:37]} 17. Nd5 {[%emt 0:05:46]} Bd7 {[%emt 0:01:07]} 18. Kh2 {[%emt 0:07:49]} Kh8 {[%emt 0:02:24]} 19. fxe5 {[%emt 0:10:20]} dxe5 {[%emt 0:08:44]} 20. exf5 {[%emt 0:02:09]} gxf5 {[%emt 0:00:35]} 21. Nf3 {[%emt 0:01:54]} e4 {[%emt 0:07:46]} 22. Nh4 {[%emt 0:02:06]} Be5 {[%emt 0:01:08]} 23. Nf4 {[%emt 0:01:06]} Rg8 {[%emt 0:03:49]} 24. Qh5 {[%emt 0:14:50]} Nxf4 {[%emt 0:00:16]} 25. Bxf4 {[%emt 0:01:39]} Bxf4 {[%emt 0:03:32]} 26. Rxf4 {[%emt 0:00:04]} Be8 {[%emt 0:00:31]} 27. Qd1 {[%emt 0:00:36]} Qg5 {[%emt 0:00:10]} 28. Rc3 {[%emt 0:01:03]} Bh5 {[%emt 0:00:42]} 29. Qe1 {[%emt 0:00:20]} Rbf8 {[%emt 0:00:33]} 30. Re3 {[%emt 0:06:54]} Ne2 {[%emt 0:04:07]} 31. Rxe2 {[%emt 0:01:18]} Bxe2 {[%emt 0:00:07]} 32. Qc3+ {[%emt 0:00:09]} Qg7 {[%emt 0:05:02]} 33. Qxg7+ {[%emt 0:00:05]} Rxg7 {[%emt 0:00:05]} 34. Bxe4 {[%emt 0:02:24]} Rd7 {[%emt 0:00:23]} 35. Bd5 {[%emt 0:00:57]} Bd3 {[%emt 0:00:08]} 36. g4 {[%emt 0:00:08]} Kg7 {[%emt 0:00:50]} 37. Nxf5+ {[%emt 0:04:39]} Bxf5 {[%emt 0:00:06]} 38. gxf5 {[%emt 0:00:03]} Kf6 {[%emt 0:00:32]} 39. Rf2 {[%emt 0:00:28]} Re7 {[%emt 0:00:14]} 40. Be6 {[%emt 0:01:36]} Rd8 {[%emt 0:00:04]} 41. Rg2 {[%emt 0:00:16]} Rg7 {[%emt 0:00:14]} 42. Re2 {[%emt 0:01:20]} Rd3 {[%emt 0:00:11]} 43. Bd5 {[%emt 0:00:14]} Rgg3 {[%emt 0:00:52]} 44. Re8 {[%emt 0:00:54]} Rxh3+ {[%emt 0:01:10]} 45. Kg2 {[%emt 0:00:01]} Rhe3 {[%emt 0:00:15]} 46. Rf8+ {[%emt 0:00:20]} Kg5 {[%emt 0:00:09]} 47. f6 {[%emt 0:00:09]} Re2+ {[%emt 0:00:07]} 48. Kf1 {[%emt 0:00:03]} Rxa2 {[%emt 0:00:04]} 49. Ke1 {[%emt 0:00:48]} Rxb3 {[%emt 0:00:05]} 50. Be4 {[%emt 0:00:36]} Rbb2 {[%emt 0:00:06]} 51. Bf3 {[%emt 0:00:17]} Ra1+ {[%emt 0:00:22]} 52. Bd1 {[%emt 0:00:08]} Rbb1 {[%emt 0:00:05]} 53. f7 {[%emt 0:00:10]} Rxd1+ {[%emt 0:00:05]} 54. Ke2 {[%emt 0:00:01]} Kf6 {[%emt 0:00:07]} 0-1

[Event "16th Baltic Pearl Open"]
[Site "Lazy"]
[Date "2020.07.03"]
[Round "6.2"]
[White "Klimkowski, Jan"]
[Black "Kozak, Antoni"]
[Result "0-1"]
[WhiteElo "2193"]
[BlackElo "2339"]
[Annotator "TA"]
[PlyCount "74"]
[EventDate "2020.06.28"]
[EventType "swiss"]
[EventCountry "POL"]
[SourceTitle "playchess.com"]
[Source "ChessBase"]
[SourceQuality "1"]

{[%evp 15,74,12,30,30,34,25,31,18,22,19,29,31,80,4,50,0,0,-1,12,19,40,48,94,100,111,0,0,0,0,0,6,-102,-100,-112,-104,-116,-105,-102,-109,-276,-287,-270,-267,-389,-281,-263,-253,-296,-259,-410,-395,-598,-544,-765,-747,-662,-535,-475,-506,-952,-952]} 1. e4 c5 2. Nf3 d6 3. d4 cxd4 4. Nxd4 Nf6 5. Nc3 a6 6. Be3 e5 7. Nb3 Be6 8. f3 h5 9. Nd5 {B90: Sicilian Najdorf: Unusual White 6th moves, 6 Be3 Ng4 and 6 Be3 e5.} Bxd5 10. exd5 Nbd7 11. Qd2 {White is slightly better.} g6 12. Be2 {12.0-0-0 is the hot move. Played by Leinier Dominguez Perez in February 2020.} Bg7 13. O-O e4 14. f4 (14. fxe4 $16 O-O 15. Bf3) 14... Ng4 $1 $11 {[%cal Rg4e3] [#]} 15. Bxg4 $146 (15. Bd4 $14 Bxd4+ 16. Nxd4) ({Predecessor:} 15. Bd4 Bxd4+ 16. Qxd4 Qb6 17. Qxb6 Nxb6 18. c4 Nd7 19. Rfe1 f5 20. h3 Ngf6 21. Kf2 {½-½ (41) Anand,V (2776)-Gelfand,B (2743) Moscow 2016}) 15... hxg4 16. c4 a5 17. Nd4 Rc8 18. f5 Be5 19. g3 {Hoping for fxg6.} g5 20. Bxg5 ({White should try} 20. b3 $1 $16) 20... Qb6 $36 {[%mdl 2048] Black has some pressure.} 21. Be3 {aiming for Nb5.} Rxc4 {[%cal Re5d4]} 22. Nb3 Qb4 {And now ...a4 would win.} 23. Qe2 {[#]} (23. Rac1 $11 {keeps the balance.}) 23... a4 $1 $17 {[%cal Ra4b3]} 24. Nd2 Rc2 25. Rac1 Qxb2 {[%mdl 64] Double Attack} 26. Rxc2 Qxc2 27. Qxg4 $2 {[#] White does not recover from this.} (27. Rb1 $17) 27... Nf6 $1 $19 {[%cal Bd7f6,Bf6d5,Bd5c3][%mdl 608] Double Attack} 28. Qe2 Nxd5 29. Kg2 (29. Qb5+ $142 Qc6 30. Qe2) 29... Qd3 30. Qxd3 exd3 31. Rf3 Kd7 32. Bf2 {[#]} (32. Nf1 $142) 32... Rc8 $1 33. Ne4 (33. Rxd3 $142 Nb4 34. Ra3) 33... Nc3 {Black is clearly winning.} 34. Nxc3 Rxc3 35. Be3 {[#]} d2 $1 {[%mdl 512]} 36. Bxd2 Rc2 $1 {[%csl LRa2,LRd2][%mdl 64] Double Attack} 37. Rf2 (37. Rd3 $142 Rxa2 38. Kf3) 37... Bd4 {Accuracy: White = 39%, Black = 83%.} 0-1

[Event "16th Baltic Pearl Open"]
[Site "Lazy"]
[Date "2020.07.05"]
[Round "7.1"]
[White "Kosakowski, Jakub"]
[Black "Kozak, Antoni"]
[Result "1/2-1/2"]
[WhiteElo "2416"]
[BlackElo "2339"]
[Annotator "TA"]
[PlyCount "98"]
[EventDate "2020.06.28"]
[EventType "swiss"]
[EventCountry "POL"]
[SourceTitle "playchess.com"]
[Source "ChessBase"]
[SourceQuality "1"]

{[%evp 15,98,17,63,64,64,63,62,64,85,28,63,-16,15,-60,2,9,-6,-102,-104,-106,-98,-114,-81,-88,-59,-162,0,-97,0,-138,-112,-118,-110,-89,-40,-51,-29,-97,-90,-90,-82,-280,-268,-239,-264,-345,-343,-331,-196,-191,-190,-161,-168,-205,-45,-77,8,8,8,8,8,8,8,8,8,8,8,-8,-8,-8,-8,-8,-8,-8,-8,-8,-8,-8,-8,-8,-8,-8,-8,-8,-8]} 1. e4 c5 2. Nf3 d6 3. d4 Nf6 4. Nc3 cxd4 5. Nxd4 a6 6. Be3 e5 7. Nb3 Be6 8. f4 Qc7 9. f5 {B90: Sicilian Najdorf: Unusual White 6th moves, 6 Be3 Ng4 and 6 Be3 e5.} Bc4 10. Bxc4 Qxc4 11. Qf3 {White is slightly better.} Nbd7 12. g4 ({White should play} 12. Nd2 $16 Qc7 13. g4) 12... h6 {[#]} 13. Kf2 $146 (13. Nd2 $14 Qc7 14. a3) ({Predecessor:} 13. h4 d5 14. Nd2 dxe4 15. Qg2 Qc6 16. Ndxe4 Bb4 17. Nxf6+ Nxf6 18. Qxc6+ bxc6 19. Rg1 {0-1 (28) Ortega Lopez,M (2299)-Almagro Mazariegos,S (2303) Linares 2016}) 13... Rc8 {White should prevent ...d5!} (13... d5 $5 {[%cal Rd5d4]} 14. Nd2 dxe4 15. Ncxe4 Nxe4+ 16. Nxe4 (16. Qxe4 Qc7 $15) 16... Be7 $11) 14. Rhg1 {[#]} (14. Nd2 $11 Qb4 15. Rhb1) 14... b5 (14... d5 $1 $15 {[%mdl 512]} 15. exd5 (15. Nxd5 Nxe4+) 15... Ba3) 15. a3 $11 Be7 16. h4 {[#]} (16. Rg2 $11 {remains equal.}) 16... d5 $1 $36 {[%cal Rd5d4][%mdl 2560] White is under strong pressure.} 17. exd5 (17. Nxd5 Nxe4+) 17... h5 18. gxh5 Qxh4+ 19. Ke2 Qc4+ {[%mdl 1024] Black has strong compensation.} (19... Nxh5 $6 20. Kd2 $11) 20. Kf2 (20. Ke1 $15) 20... Qh4+ ({Black should try} 20... Rxh5 $19 21. Rh1 Rxh1 22. Rxh1 Bxa3 $1 {[%mdl 512]}) 21. Ke2 $1 Qc4+ ({But not} 21... Nxh5 $6 22. Kd2 $11) 22. Kf2 $1 e4 23. Qe2 Rxh5 24. Qxc4 Rxf5+ 25. Ke2 $1 Rxc4 26. Rxg7 (26. Nd2 $11 {keeps the balance.} Rc8 27. Rxg7) 26... Nxd5 27. Rg8+ Nf8 28. Nxd5 $2 (28. Bd4 $17) 28... Rxc2+ $19 {[%mdl 64] Double Attack} ({Less strong is} 28... Rxd5 29. c3 $15) 29. Kd1 Rxb2 {[%cal Rf5f1]} 30. Nd2 Rxd5 31. Kc1 Rd3 (31... Bf6 $142 {...Rbxd2 is the strong threat.} 32. Nxe4 Be5) 32. Kxb2 Rxe3 ({Don't do} 32... Bf6+ 33. Kc2 $17) 33. Rf1 Re2 $1 {[%cal Re2d2]} 34. Kc3 {[#]} Bxa3 $2 ({Better is} 34... Bd6 $1 $19 {[%cal Rd6e5] And now ...Be5+ would win.} 35. Rf5 Ke7) 35. Rf4 $15 {[#]} b4+ (35... e3 $1 $17 {[%cal Re3d2]} 36. Nf3 Rf2 37. Re4+ Kd7 38. Rxe3 Kc7) 36. Kb3 $11 {The position is equal.} Ke7 37. Rxe4+ Rxe4 38. Nxe4 {[%mdl 4096] Endgame KRN-KBN} Ne6 39. Ra8 f5 40. Ra7+ Kd8 41. Rxa6 Nc7 42. Rd6+ Ke7 {aiming for ...Ne6.} 43. Rd4 Ne6 44. Rc4 fxe4 45. Rxe4 Kf6 {( -> ...Nc5+)} 46. Rxb4 Bc1 47. Rb6 Bh6 48. Kc4 Ke5 49. Rxe6+ Kxe6 {Whites escaped into a draw. Accuracy: White = 64%, Black = 69%.} 1/2-1/2

[Event "16th Baltic Pearl Open"]
[Site "Lazy"]
[Date "2020.07.04"]
[Round "7.2"]
[White "Czernek, Tymon"]
[Black "Szpar, Milosz"]
[Result "0-1"]
[WhiteElo "2199"]
[BlackElo "2343"]
[Annotator "TA"]
[PlyCount "86"]
[EventDate "2020.06.28"]
[EventType "swiss"]
[EventCountry "POL"]
[SourceTitle "playchess.com"]
[Source "ChessBase"]
[SourceQuality "1"]

{[%evp 22,86,39,45,85,62,60,13,13,-40,-28,-47,-29,-55,-10,-29,47,33,91,103,170,83,90,69,110,108,73,0,241,74,66,77,91,118,22,0,0,0,112,115,105,0,0,0,0,0,0,0,142,-176,0,-224,-227,-191,-199,-1970,-1888,-1831,-1772,-3006,-2667,-2514,-2367,-5043,-3988,-5043,-4947]} 1. e4 c5 2. Nf3 Nc6 3. d4 cxd4 4. Nxd4 Nf6 5. Nc3 d6 6. Bg5 e6 7. Qd3 Be7 8. O-O-O Nxd4 9. Qxd4 O-O 10. f4 Qa5 11. Kb1 Rd8 12. Qd2 Qc7 {B65: Sicilian: Richter-Rauzer: 7...Be7 8 0-0-0 0-0 9 f4 Nxd4.} 13. Bd3 Bd7 14. Rhe1 {Black must now prevent e5.} h6 {[#] The position is equal.} 15. Bxf6 $146 (15. h4 $11) ({Predecessor:} 15. Bh4 Nxe4 16. Rxe4 Bxh4 17. Rc4 Bc6 18. f5 Bg5 19. Qf2 d5 20. Rg4 e5 21. f6 {0-1 (29) Del Prado,R-Ginting,N (2395) Bandar Seri Begawan 2001}) 15... Bxf6 $15 16. Ne2 {[#]} Qb6 $1 {[%csl Gf6][%cal Rb6b2][%mdl 512]} 17. c3 Qc5 18. g4 Bc6 ({Black should play} 18... Bh4 $11) 19. Rg1 g6 (19... Rab8 $14) 20. Rdf1 Bg7 (20... Bh4 $16 {is a better defense.}) 21. Qc2 (21. f5 $1 $18 {is more deadly.}) 21... b5 22. f5 Be5 23. Qc1 g5 {[#]} 24. h4 $1 {[%mdl 512]} d5 $2 (24... b4 $1 $11 25. c4 b3) (24... gxh4 25. fxe6) 25. fxe6 $2 (25. hxg5 $18 dxe4 26. g6) 25... fxe6 $16 26. hxg5 dxe4 27. Bc2 e3 {And now ...Rd2 would win.} 28. gxh6 Rd2 $36 {[%mdl 2048] Black is pushing.} 29. Nf4 Qc4 (29... Qd6 $11 {remains equal.} 30. h7+ Kg7) 30. h7+ Kg7 {Threatens to win with ...Rxc2.} 31. Bb3 (31. h8=Q+ $16 Rxh8 32. b3 Rxc2 33. Qxc2 (33. bxc4 Rxc1+ 34. Kxc1 Re8 $11)) 31... Qe4+ $11 32. Bc2 Bxf4 33. Bxe4 Bxe4+ 34. Ka1 e5 {[#]} (34... Bg5 $1 $11) 35. c4 $2 {[%mdl 8192] [#]} (35. b3 $1 $16 {is necessary to keep the advantage. Hoping for Qa3.} Bxh7 36. g5) 35... Rad8 $1 $19 {...e2 is the strong threat.} 36. Rxf4 $2 (36. cxb5 $11 {and White stays safe.} e2 37. Rxf4 exf4 38. Qc7+ {[%mdl 64] Double Attack} Kg6 39. b3 Rd1+ {[%mdl 64] Double Attack} 40. Kb2 Rxg1 41. Qxd8 Rb1+ 42. Ka3 Kxh7 43. Qe7+ Kh6 44. Qf6+ Kh7 45. Qf7+ Kh8 46. Qf8+ Kh7 47. Qf7+ Kh8 48. Qe8+ Kg7 49. Qe5+ Kg8 50. Qe8+ Kg7 51. Qe5+ Kg8 52. Qe8+ Kg7) 36... exf4 37. Qc3+ Kxh7 {( -> ...Rd1+)} 38. a4 $2 (38. b3 Rd1+ {[%mdl 64] Double Attack} 39. Kb2 R8d2+ 40. Ka3) 38... Rd1+ {[%mdl 64] Double Attack. Black is clearly winning.} 39. Ka2 Bb1+ 40. Ka1 Bg6+ 41. Ka2 Rxg1 42. Qf6 Re8 43. Qxf4 e2 {Accuracy: White = 53%, Black = 61%.} 0-1

[Event "16th Baltic Pearl Open"]
[Site "Lazy"]
[Date "2020.07.04"]
[Round "7.3"]
[White "Mis, Mieszko"]
[Black "Kokoszczynski, Jan"]
[Result "1-0"]
[WhiteElo "2332"]
[BlackElo "2312"]
[Annotator "ChessBase"]
[PlyCount "45"]
[EventDate "2020.06.28"]
[EventType "swiss"]
[EventCountry "POL"]
[SourceTitle "playchess.com"]
[Source "ChessBase"]
[SourceQuality "1"]
[TimeControl "5400+30"]

1. d4 {[%emt 1:30:30]} Nf6 {[%emt 1:30:30]} 2. c4 {[%emt 0:00:30]} e6 {[%emt 0:00:30]} 3. Nf3 {[%emt 0:00:30]} d5 {[%emt 0:00:30]} 4. Nc3 {[%emt 0:00:30]} Be7 {[%emt 0:00:30]} 5. Bf4 {[%emt 0:00:30]} O-O {[%emt 0:00:30]} 6. Rc1 {[%emt 0:00:30]} c5 {[%emt 0:00:30]} 7. e3 {[%emt 0:00:30]} Nc6 {[%emt 0:00:30]} 8. cxd5 {[%emt 0:00:30]} exd5 {[%emt 0:00:30]} 9. Be2 {[%emt 0:00:30]} c4 {[%emt 0:00:30]} 10. Ne5 {[%emt 0:00:30]} h6 {[%emt 0:00:30]} 11. g4 {[%emt 0:00:30]} Be6 {[%emt 0:00:30]} 12. Bf3 {[%emt 0:00:30]} Rc8 {[%emt 0:00:30]} 13. h4 {[%emt 0:00:30]} Nd7 {[%emt 0:00:30]} 14. Nxd7 {[%emt 0:00:30]} Qxd7 {[%emt 0:00:30]} 15. g5 {[%emt 0:00:30]} Nb4 {[%emt 0:00:30]} 16. Be2 {[%emt 0:00:30]} Bd6 {[%emt 0:00:30]} 17. Bxd6 {[%emt 0:00:30]} Qxd6 {[%emt 0:00:30]} 18. a3 {[%emt 0:00:30]} Nc6 {[%emt 0:00:30]} 19. gxh6 {[%emt 0:00:30]} gxh6 {[%emt 0:00:30]} 20. Bxc4 {[%emt 0:00:30]} dxc4 {[%emt 0:00:30]} 21. Qh5 {[%emt 0:00:30]} Bd7 {[%emt 0:00:30]} 22. Rg1+ {[%emt 0:00:30]} Kh7 {[%emt 0:00:30]} 23. Ne4 {[%emt 0:00:30]} 1-0